| 000 | 00427nam a2200121Ia 4500 | ||
|---|---|---|---|
| 008 | 210428s9999 xx 000 0 und d | ||
| 020 | _a 0071386246 | ||
| 082 | _a621.381 E379 E | ||
| 100 |
_aJohn H. Lau, C.P. Wong, Ning cheng Lee, S. W. Ricky Lee _9127021 |
||
| 245 | 0 |
_aElectronics Manufacturing with Lead -Free Halogen-Free & conductive adhesive materials: _bMcGraw Hill Handbook |
|
| 300 | _acount less | ||
| 942 |
_cBK _2ddc |
||
| 999 |
_c559966 _d559966 |
||